| 000 | 00813nam a22002297a 4500 | ||
|---|---|---|---|
| 003 | SISC | ||
| 005 | 20180725075440.0 | ||
| 008 | 180725b xxu||||| |||| 00| 0 eng d | ||
| 050 |
_aNX 581 A1 _b.L533 2018 |
||
| 100 | _aLico, Gerard | ||
| 245 |
_aSining rehiyon : _bcontemporary Philippine arts in the regions for senior high school / _cGerard Lico, Glecy Cruz Atienza, Imelda Cajipe Endaya, J Pilapil Jacobo, Ramon P. Santos. |
||
| 260 |
_aQuezon City: _bC & E Publishing, _cc2018. |
||
| 300 |
_ax, 312 pages : _billustrations ; _c27 cm. |
||
| 500 | _aIncludes index and bibliographical references. | ||
| 650 |
_aPhilippines _xArt |
||
| 700 | _aAtienza, Glecy Cruz | ||
| 700 | _aJacobo, J. Pilapil | ||
| 700 | _aSantos, Ramon P. | ||
| 700 | _aEndaya, Imelda Cajipe | ||
| 942 |
_2lcc _cBK |
||
| 999 |
_c358176 _d358176 |
||